NCAA Men's Ice Hockey Teams - Statistics

General Stats
  • This quiz has been taken 259 times
    241 since last reset
  • The average score is 32 of 62
Answer Stats
Conference School % Correct
Big Ten Hockey Michigan
96%
Big Ten Hockey Minnesota
96%
Big Ten Hockey Michigan State
94%
Big Ten Hockey Ohio State
91%
Big Ten Hockey Wisconsin
91%
Hockey East Boston College
88%
ECAC Harvard
87%
Big Ten Hockey Penn State
87%
Big Ten Hockey Notre Dame
83%
ECAC Yale
83%
NCHC North Dakota
80%
Hockey East Maine
79%
Hockey East Boston University
77%
ECAC Cornell
76%
Hockey East Vermont
76%
Hockey East Massachusetts
75%
ECAC Princeton
74%
ECAC Brown
73%
Hockey East New Hampshire
73%
ECAC Dartmouth
72%
NCHC Colorado College
69%
Hockey East Connecticut
69%
NCHC Denver
65%
Hockey East Providence
60%
NCHC Western Michigan
57%
NCHC Minnesota-Duluth
56%
Atlantic Hockey Army
55%
Atlantic Hockey Air Force
53%
Independant Arizona State
51%
Independant Alaska-Fairbanks
47%
Hockey East Northeastern
47%
CCHA Minnesota State
46%
CCHA Northern Michigan
44%
ECAC Quinnipiac
43%
ECAC Colgate
41%
CCHA Michigan Tech
41%
Hockey East UMass-Lowell
40%
CCHA Bowling Green
36%
NCHC Nebraska-Omaha
36%
NCHC St. Cloud State
35%
Atlantic Hockey Holy Cross
34%
ECAC Rensselaer Polytechnic Institute
34%
Independant Alaska-Anchorage
32%
NCHC Miami (OH)
31%
CCHA Bemidji State
29%
CCHA Lake Superior State
28%
Atlantic Hockey Niagara
28%
Atlantic Hockey Rochester Institute of Technology
28%
Atlantic Hockey Sacred Heart
28%
ECAC Union
26%
Atlantic Hockey Canisius
25%
ECAC Clarkson
25%
CCHA Ferris State
22%
ECAC St. Lawrence
22%
Hockey East Merrimack
21%
CCHA St. Thomas (MN)
19%
Independant Long Island University
18%
Atlantic Hockey Bentley
17%
Independant Lindenwood
17%
Atlantic Hockey Mercyhurst
17%
Atlantic Hockey American International College
16%
Independant Stonehill
12%
No matching quizzes found
Score Distribution
Percent of People with Each Score
Percentile by Number Answered
Your Score History
You have not taken this quiz since the last reset